000 00601cam a22002051 4500
001 af 47000870
003 DLC
005 20260227110805.0
008 801101s1944 gw a 000 0 ger c
010 _aaf 47000870
035 _a(OCoLC)6888671
040 _aWisconsin. Univ. Libr.
_cOCl
_dDLC
042 _apremarc
050 0 0 _aPT2621.O29
_bM3
100 1 _aLaar, Clemens,
_d1906-1960.
245 1 5 _aEine Mannschaft,
_cvon Clemens Laar [pseud.]
260 _aBerlin,
_bTraditions-Verlag Kolk & Co.
_c[1944]
300 _a102, [1] p.
_billus.
_c18 cm.
490 0 _aMänner, Kämpfer, Abenteurer.
_vBd. 1
999 _c998
_d998